000 00781nas a2200253 4500
001 BR2014008192
003 BR-BrBNA
005 20231205124846.0
007 ta
008 230509b bl.|||p| |||| 00| 00por d
040 _aBR-BrBNA
_bpor
_cBiblioteca Nacional de Agricultura
041 _a(Pt)
072 _aL10
100 1 _aSilveira, W.F.
100 1 _aBarnabe, R.C.
100 1 _aBarnabe, V.H.
245 1 _aModificação no aparelho de Van Rensburg e de vos para eletroejaculação em bovinos (nota prévia)
650 _aBOVINO
650 _aELETRO EJACULACAO
650 _aREPRODUCAO ANIMAL
773 0 _tZootecnia (Brazil)
_xISSN 0044-5320
_g(oct-dec 1975), v. 13(4) p. 229-230
_wBR2014008192
909 _a202311
_bLúcia
_c55
_dLúcia Elande
942 _2AGRIS
_n0
_cANA
999 _c241271
_d241271